| 000 | 00000nam##2200000za#4500 |
| 001 | 9.695441 |
| 003 | CaOODSP |
| 005 | 20210624234559 |
| 007 | cr ||||||||||| |
| 008 | 150407|1998||||xxc|||||o f|0| 0 eng|d |
| 040 | |aCaOODSP|beng |
| 043 | |an-cn--- |
| 086 | 1 |aM37-46/1999E-PDF |
| 110 | 1 |aCanada.|bNatural Resources Canada. |bMinerals and Metals Sector. |
| 245 | 10|aFrom mineral resources to manufactured products : |h[electronic resource]|btoward a value-added mineral and metal strategy for Canada |
| 246 | 1 |aToward a value-added mineral and metal strategy for Canada |
| 260 | |aOttawa - Ontario : |bNatural Resources Canada. |cc1998. |
| 300 | |a31p.|bfigs. (some coloured), graphs, table |
| 500 | |a"This paper provides a very broad overview of the sector, illustrating its importance to employment in Canada and some dynamic trends. It also describes some of the challenges to growth of value-added activities within the direct chain of production or in ancillary spin-off industries. Finally, it suggests several routes for government-industry collaboration that may lead to an increase in MMP value-added activities."--Preface, p.4 of 31. |
| 520 | 3 |aThis paper provides a very broad overview of the sector, illustrating its importance to employment in Canada and some dynamic trends. It also describes some of the challenges to growth of value-added activities within the direct chain of production or in ancillary spin-off industries. Finally, it suggests several routes for government-industry collaboration that may lead to an increase in MMP value-added activities.--Preface, p.4 of 31. |
| 590 | |a12-16-Supp|b2012-04-17 |
| 690 | 07|aMinerals|2gcpds |
| 690 | 07|aMetals|2gcpds |
| 690 | 07|aManufacturing industry|2gcpds |
| 775 | 08|tDe la ressource minérale au produit manufacturé : |w(CaOODSP)9.639578 |
| 776 | 0#|tFrom mineral resources to manufactured products : |w(CaOODSP)9.647503 |
| 856 | 40|ahttp://publications.gc.ca|qPDF|s737 KB|uhttps://publications.gc.ca/collections/Collection/M37-46-1999E.pdf |